LEADER 00836nam a2200193 i 4500 001 000000234352 003 CaOOAMICUS 005 20141014000000.0 008 141014s1686 it u000 u fre u 013 $a213255 026 $anses S.r, rent Ilgu (3) 1686 (R) 040 $aSeMil$bita 245 10$aTome 1. 300 $a[76], 386, [2] p. 500 $aSegn. : a8, e4, i8, o4, u8, *4 §2, A-Z8-4, Aa-Ii8-4Kk2. 773 0 $aVarillas, Antoine : de <1624-1696>$tHistoire des revolutions arrivées dans l'Europe en matière de Religion. Par ... Varillas. Tome 1. [-12.].$dA Paris : Chez Claude Barbin, au palais, sur le second Perron de la Sainte Chapelle, 1686-1689.$g1$w()30695 850 $aSeMil 852 $aSeMil$W1$xVenegono$y1$m3A I 132 FA$j184698$B184698$CSeMilBibl$Z2$F195695 $8I 996 $6245$aTome 1$9(OLS)http://semarc/title/1447 LEADER 01202nam a2200277 i 4500 001 000000060347 003 CaOOAMICUS 005 20221206094132.0 008 150824s1998 be u000 u lat u 013 $a31519 020 $a2-503-50703-4 040 $aSeMil$bita 245 00$aClavis apocryphorum Veteris Testamenti /$ccura et studio J.-C. Haelewyck. 264 1$aTurnhout :$bBrepols,$c1998. 300 $aXXVIII, 243 p. ;$c25 cm. 490 1 $aCorpus Christianorum. Clavis apocryphorum 650 4$aBibbia. Antico Testamento. Apocrifi - Commentari, studi, critica e interpretazione.$0(OLS)http://semarc/subject/51 700 1 $aHaelewyck, Jean-Claude,$d<1952- >.$0(OLS)http://semarc/name/2578 830 0$aCorpus Christianorum. Clavis apocryphorum.$0(OLS)http://semarc/title/44045 850 $aSeMil 852 $aSeMil$W1$xVenegono$y1$mSL2.E I 25$j26500$B26500$CSeMilBibl$Z2$F26503 $8I 961 $aSottoscrizione: Casa editrice 996 $6020$a2-503-50703-4$9(OLS)http://semarc/number/36397 996 $6245$aClavis apocryphorum Veteris Testamenti$9(OLS)http://semarc/title/94566 996 $6264$aTurnhout :$bBrepols$9(OLS)http://semarc/publisher/29626